Detalles MARC
| 000 -LIDER |
| fixed length control field |
03635nam a22002777a 4500 |
| 003 - IDENTIFICACDOR DE NÚMERO DE CONTROL |
| control field |
DO-SdBNP |
| 005 - DATE AND TIME OF LATEST TRANSACTION |
| control field |
20230508092720.0 |
| 008 - ELEMENTOS DE LONGITUD FIJA |
| fixed length control field |
210224b2017 dr ||| 00| 0 spa d |
| 020 ## - ISBN |
| International Standard Book Number |
9789945600971 |
| 040 ## - FUENTE DE CATALOGACIÓN |
| Agencia que crea de manera original el registro |
BPMSU |
| Idioma de catalogación |
spa |
| Agencia que realiza la transcripción |
BPMSU |
| 082 ## - NÚMERO DE CLASIFICACIÓN DECIMAL DE DEWEY |
| Classification number |
972.9304 |
| Item number |
P438l 2017 |
| Edition number |
22 |
| 100 1# - ASIENTO PRINCIPAL -- NOMBRE PERSONAL |
| Nombre personal |
Pérez Pérez, Manuel Otilio |
| Fechas asociadas con el nombre |
1947- |
| 245 13 - MENCIÓN DE TITULO |
| Título |
El legado imperecedero de Tomás Bobadilla : |
| Subtítulo |
creador y organizador del Estado dominicano / |
| Mención de responsabilidad |
Manuel Otilio Pérez Pérez ; prólogo Julio Ramírez |
| 260 ## - PUBLICACIÓN, DISTRIBUCIÓN, ETC. (PIE DE IMPRENTA) |
| Lugar de publicación, distribución, etc |
Santo Domingo : |
| Nombre del editor, distribuidor, etc. |
Búho, |
| Fecha de publicación, distribución, etc |
2017 |
| 300 ## - DESCRIPCIÓN FÍSICA |
| Extensión |
213 p.: |
| Otros detalles físicos |
il. |
| Dimensiones |
23 cm. |
| 500 ## - NOTA GENERAL |
| Nota general |
incluye datos biográficos del autor, en la solapa de la cubierta . |
| 500 ## - NOTA GENERAL |
| Nota general |
Incluye referencias bibliográficas y notas al pie de las páginas |
| 504 ## - NOTA DE BIBLIOGRAFÍA, ETC. |
| Bibliography, etc |
Bibliografía : p. 211-213 |
| 505 0# - NOTA DE CONTENIDO |
| Texto normalizado de contenido |
Prólogo – Introducción -- De colonia española a colonia francesa -- De colonia francesa a colonia española -- De España boba a independencia efímera -- Independencia efímera a dominación haitiana -- Tomás Bobadilla y su movimiento separatista -- Representación de la junta popular, 8 de junio 1843, 35.-- Sánchez y Mella se aliaron a Bobadilla -- Proyecto separatista en las Matas de Farfán -- Movimiento separatista del señor Pimentel en las Matas de Farfán -- Antonio López Villanueva y Tomás Bobadilla -- Memorias de Antonio López Villanueva -- Tomás Bobadilla y Gaspar Hernández -- Del padre Gaspar Hernández al gobernador de Puerto Rico -- Tomás Bobadilla Briones: autor del manifiesto del 16 de enero de 1844 -- Trascendencia de la manifestación del 16 de enero de 1844 -- El plan Levasseur -- Bobadilla no aparece entre los firmantes del plan Levasseur. No tenía calidad. Eso era asunto de diputados constituyentes y Bobadilla no lo era -- A los amantes de la libertad -- Pro Báez -- Dominicanos afrancesados -- Carta del general J. M. Imbert a Saint Denys -- Tomás Bobadilla antiesclavista y abolicionista -- El pensamiento antiesclavista de Tomás Bobadilla y Briones -- Bobadilla y la proclamación de la República Dominicana -- Tomás Bobadilla y el 28 de febrero de 1844 -- La revolución de la independencia fue eminentemente antiesclavista -- Tomás Bobadilla Briones primer y único presidente de la junta provisional gubernativa -- Entregas de la plaza de Santo Domingo -- Bobadilla ordenador del estado dominicano -- Bobadilla y la nacionalidad dominicana -- Comunicación solicitando protección a Francia -- Tramitación de la solicitud del protectorado a Francia -- Tomás Bobadilla y los haitianos -- El Partido Pro-haitiano -- Lista de los asistentes al baluarte de el Conde, la noche del 27 de febrero y los días 28 y 29, encabezados por Bobadilla -- Bobadilla y el nombre del nuevo estado República Dominicana -- Tomás Bobadilla y el nombre del nuevo estado de República Dominicana -- Francisco Sánchez y Tomás Bobadilla Briones -- Las insubordinaciones de Francisco Sánchez -- Reiteración de la solicitud de protección de Francia -- Tomás Bobadilla Briones y La Independencia -- Francisco del Rosario Sánchez y el 27 de Febrero -- Ascensos militares. La oficialidad del ejército de Santo Domingo -- Golpe de estado del 9 de junio de 1844 -- Tercera solicitud de protección a Francia -- Miembros de la Junta Central Gubernativa -- El legado imperecedero de Tomás Bobadilla. |
| 590 ## - NOTA LOCAL |
| Texto de la nota local |
Inventariado/ 2021/MC |
| 600 14 - ENCABEZAMIENTO DE MATERIA--NOMBRE PERSONAL |
| Nombre personal |
Bobadilla y Briones, Tomás, |
| Fechas asociadas con el nombre |
1785-1871 |
| Subdivisión temática general |
Pensamiento político |
| 650 #4 - ENCABEZAMIENTO DE MATERIA--TEMÁTICO |
| Término temático o nombre geográfico como elemento de entrada |
Políticos dominicanos |
| Subdivisión geográfica |
República Dominicana |
| Subdivisión cronológica |
Historia, 1844-1861 |
| Subdivisión temática general |
|
| 700 1# - ASIENTO SECUNDARIO -- NOMBRE PERSONAL |
| Nombre personal |
Ramírez, Julio |
| Mención de responsabilidad |
pról. |
| 910 ## - VALIDACIÓN |
| Validación |
MCabrera /VMateo V. |
| 942 ## - ADDED ENTRY ELEMENTS (KOHA) |
| Source of classification or shelving scheme |
Dewey Decimal Classification |
| Koha item type |
Libros |